000 00470 a2200181 4500
999 _c6004
_d6004
020 _a9781571573117
050 0 0 _aSK 251 TAY 1959
100 1 _aTaylor, John,
_eAuthor
245 1 0 _aManeaters and marauders /
_cJohn Taylor
264 _aLondon:
_bFredrick Muller Limited,
_c1959
300 _a200p. :
500 _aIt includes has photographs
650 0 _aHunting
650 0 _aLion.
650 0 _aElephants.
650 0 _aBuffaloes.
942 _2lcc
_cBK
_h251
_iTAY
_kSK